<?xml version="1.0" encoding="UTF-8"?>
<record
    xmlns:xsi="http://www.w3.org/2001/XMLSchema-instance"
    xsi:schemaLocation="http://www.loc.gov/MARC21/slim http://www.loc.gov/standards/marcxml/schema/MARC21slim.xsd"
    xmlns="http://www.loc.gov/MARC21/slim">

  <leader>01186cam a22002897a 4500</leader>
  <datafield tag="999" ind1=" " ind2=" ">
    <subfield code="c">13945</subfield>
    <subfield code="d">13945</subfield>
  </datafield>
  <controlfield tag="003">EG-ScBUE</controlfield>
  <controlfield tag="005">20200120124130.0</controlfield>
  <controlfield tag="008">100427s2006    ua     f b    000 p eng d</controlfield>
  <datafield tag="020" ind1=" " ind2=" ">
    <subfield code="a">9770114774</subfield>
  </datafield>
  <datafield tag="040" ind1=" " ind2=" ">
    <subfield code="a">EG-ScBUE</subfield>
    <subfield code="b">ara</subfield>
    <subfield code="e">rda</subfield>
    <subfield code="c">EG-ScBUE</subfield>
    <subfield code="d">EG-ScBUE</subfield>
  </datafield>
  <datafield tag="082" ind1="0" ind2="4">
    <subfield code="a">892.715</subfield>
    <subfield code="b">&#x643; &#x627; &#x634; </subfield>
    <subfield code="2">22</subfield>
  </datafield>
  <datafield tag="100" ind1="1" ind2=" ">
    <subfield code="a">&#x643;&#x627;&#x634;&#x641;&#x60C; &#x623;&#x62D;&#x645;&#x62F; &#x628;&#x646; &#x630;&#x648; &#x627;&#x644;&#x641;&#x642;&#x627;&#x631;&#x60C;&#x200F;</subfield>
    <subfield code="d">1878-1948 &#x647;&#x640;.&#x200F;&#x60C;</subfield>
    <subfield code="e">&#x645;&#x624;&#x644;&#x641;.</subfield>
    <subfield code="9">13715</subfield>
  </datafield>
  <datafield tag="245" ind1="1" ind2="0">
    <subfield code="a">&#x62F;&#x64A;&#x648;&#x627;&#x646; &#x627;&#x644;&#x643;&#x627;&#x634;&#x641;.</subfield>
    <subfield code="n">&#x627;&#x644;&#x62C;&#x632;&#x621; &#x627;&#x644;&#x623;&#x648;&#x644; /</subfield>
    <subfield code="c">&#x62F;&#x631;&#x627;&#x633;&#x629; &#x648;&#x62A;&#x62D;&#x642;&#x64A;&#x642; &#x648;&#x62A;&#x639;&#x644;&#x64A;&#x642; &#x623;&#x633;&#x62A;&#x627;&#x630; &#x648;&#x62F;&#x643;&#x62A;&#x648;&#x631; &#x645;&#x62D;&#x645;&#x62F; &#x625;&#x628;&#x631;&#x627;&#x647;&#x64A;&#x645; &#x627;&#x644;&#x62C;&#x64A;&#x648;&#x634;&#x64A;. </subfield>
  </datafield>
  <datafield tag="264" ind1=" " ind2="1">
    <subfield code="a">[&#x627;&#x644;&#x642;&#x627;&#x647;&#x631;&#x629;] :</subfield>
    <subfield code="b">&#x627;&#x644;&#x647;&#x64A;&#x626;&#x629; &#x627;&#x644;&#x645;&#x635;&#x631;&#x64A;&#x629; &#x627;&#x644;&#x639;&#x627;&#x645;&#x629; &#x644;&#x644;&#x643;&#x62A;&#x627;&#x628;&#x60C;</subfield>
    <subfield code="c">2006.</subfield>
  </datafield>
  <datafield tag="300" ind1=" " ind2=" ">
    <subfield code="a">541 &#x635;&#x641;&#x62D;&#x629; &#x61B;</subfield>
    <subfield code="c">24 &#x633;&#x645;</subfield>
  </datafield>
  <datafield tag="336" ind1=" " ind2=" ">
    <subfield code="2">rdacontent</subfield>
    <subfield code="a">&#x646;&#x635;</subfield>
    <subfield code="b">txt</subfield>
  </datafield>
  <datafield tag="337" ind1=" " ind2=" ">
    <subfield code="2">rdamedia</subfield>
    <subfield code="a">&#x628;&#x62F;&#x648;&#x646; &#x648;&#x633;&#x64A;&#x637;</subfield>
    <subfield code="b">n</subfield>
  </datafield>
  <datafield tag="338" ind1=" " ind2=" ">
    <subfield code="2">rdacarrier</subfield>
    <subfield code="a">&#x645;&#x62C;&#x644;&#x62F;</subfield>
    <subfield code="b">nc</subfield>
  </datafield>
  <datafield tag="504" ind1=" " ind2=" ">
    <subfield code="a">&#x64A;&#x634;&#x62A;&#x645;&#x644; &#x639;&#x644;&#x649; &#x625;&#x631;&#x62C;&#x627;&#x639;&#x627;&#x62A; &#x628;&#x628;&#x644;&#x64A;&#x648;&#x62C;&#x631;&#x627;&#x641;&#x64A;&#x629;.</subfield>
  </datafield>
  <datafield tag="590" ind1=" " ind2=" ">
    <subfield code="a">mahmoud sami</subfield>
  </datafield>
  <datafield tag="650" ind1=" " ind2="7">
    <subfield code="a">&#x627;&#x644;&#x634;&#x639;&#x631; &#x627;&#x644;&#x639;&#x631;&#x628;&#x64A;</subfield>
    <subfield code="x">&#x62F;&#x648;&#x627;&#x648;&#x64A;&#x646; &#x648;&#x642;&#x635;&#x627;&#x626;&#x62F;.</subfield>
    <subfield code="2">BUEsh</subfield>
    <subfield code="9">8538</subfield>
  </datafield>
  <datafield tag="651" ind1=" " ind2=" ">
    <subfield code="2">BUEsh</subfield>
  </datafield>
  <datafield tag="653" ind1=" " ind2=" ">
    <subfield code="b">ARALIT</subfield>
    <subfield code="c">January2020</subfield>
  </datafield>
  <datafield tag="655" ind1=" " ind2=" ">
    <subfield code="v">Reading book</subfield>
  </datafield>
  <datafield tag="700" ind1="1" ind2=" ">
    <subfield code="a">&#x62C;&#x64A;&#x648;&#x634;&#x64A;&#x60C; &#x645;&#x62D;&#x645;&#x62F; &#x625;&#x628;&#x631;&#x627;&#x647;&#x64A;&#x645;&#x60C; </subfield>
    <subfield code="e">&#x645;&#x62D;&#x642;&#x642;.</subfield>
    <subfield code="9">13714</subfield>
  </datafield>
  <datafield tag="942" ind1=" " ind2=" ">
    <subfield code="2">ddc</subfield>
    <subfield code="c">BB</subfield>
  </datafield>
  <datafield tag="952" ind1=" " ind2=" ">
    <subfield code="0">0</subfield>
    <subfield code="1">0</subfield>
    <subfield code="2">ddc</subfield>
    <subfield code="4">0</subfield>
    <subfield code="7">0</subfield>
    <subfield code="8">Alef-Baa</subfield>
    <subfield code="a">MAIN</subfield>
    <subfield code="b">MAIN</subfield>
    <subfield code="c">2ND</subfield>
    <subfield code="d">2010-04-27</subfield>
    <subfield code="e">Purchase</subfield>
    <subfield code="o">892.715 &#x643; &#x627; &#x634;</subfield>
    <subfield code="p">000020697</subfield>
    <subfield code="r">2025-07-15 00:00:00</subfield>
    <subfield code="y">BB</subfield>
  </datafield>
</record>
